| 000 | 00856nam a22003137a 4500 | ||
|---|---|---|---|
| 001 | BR9803851 | ||
| 003 | BR-BrBNA | ||
| 005 | 20230928100033.0 | ||
| 007 | ta | ||
| 008 | 230509b bl.||||| |||| 00| 0 por d | ||
| 040 |
_aBR-BrBNA _bpor _cBiblioteca Nacional de Agricultura |
||
| 041 | _a(Por) | ||
| 072 |
_aF01; F02; F03 _b1980 |
||
| 090 | _ 1980 BR9803851 | ||
| 100 | 1 | _aSilva, S. | |
| 110 | 1 |
_aServico de Apoio as micro e Pequenas Empresas do Rio Grande do Norte, Natal (Brasil) _99300 |
|
| 245 | 1 | _aAlgarobeira | |
| 260 | 3 |
_aNatal, RN (Brasil): _c1997. |
|
| 300 | _a26 p. | ||
| 500 | _a16 illus.; 6 ref. | ||
| 650 | _aAlgaroba | ||
| 650 | _aForragicultura | ||
| 650 | _aEstrutura Vegetal | ||
| 650 | _aReproducao Vegetal | ||
| 650 | _aSemeadura | ||
| 650 | _aPratica Cultural | ||
| 909 |
_a202309 _bLucia _c55 _dLucia Elande |
||
| 942 | _cBK | ||
| 999 |
_c59992 _d59992 |
||